Jaki sprzęt powinien znaleźć się w pracowni informatycznej? - Statystyki

Ogólne statystyki
  • Ten quiz został rozwiązany 30 razy
  • Średni wynik to 5 z 7
Statystyki odpowiedzi
Odpowiedź % Poprawnych
Komputer
96%
Klawiatura
86%
Myszka
86%
Monitor
82%
Drukarka
61%
Router
25%
Projektor
18%
Nie znaleziono quizów pasujących do podanych kryteriów
Rozkład punktacji
Procent ludzi z każdym wynikiem
Percentyl według liczby udzielonych odpowiedzi
Twoja historia wyników
Nie rozwiązałeś tego quizu